| 000 | 00745nam a22001817a 4500 | ||
|---|---|---|---|
| 005 | 20230920102937.0 | ||
| 010 | _aHIN-126057 | ||
| 020 |
_a9789382114291 _c350.00 |
||
| 035 | _aHN-98403 | ||
| 037 | _bDBAD/PUB | ||
| 082 | _aउ | ||
| 100 |
_a जोशी, हिमांशु _957019 |
||
| 245 |
_aतुम्हारे लिए / _cहिमांशु जोशी |
||
| 260 |
_aनई दिल्ली _bकिताबघर प्रकाशन _c2022 |
||
| 270 |
_a4866 -56/24 ,अंसारी रोड , दरियागंज, नई दिल्ली _bनई दिल्ली _e110095 |
||
| 300 |
_a152 पृ. _b 22सेमी (सजिल्द) |
||
| 942 |
_2ddc _cHN _hउ _mजोशीहि |
||
| 999 |
_c198409 _d198409 |
||